00844nam a2200193Ia 4500008004100000020001800041082001800059100002600077245007400103260007000177300001800247490003100265500008100296505017600377650001800553650002200571650003600593650002100629120622s1998 mx 000 0 spa d a9789682404542 a384.54bV642p 1aVitoria, Pilareautor aProducción radiofónicab : técnicas básicasc / Pilar Vitoria aMéxicob: TrillasbUniversidad Internacional de Floridac, 1998 a124 páginas aPeriodismo Latinoamericano aReimpresiones: 2007, 2009, 2014 Incluye índice analítico (pp. 115 - 124) aCaracterísticas de la radio Reglas de oro Lenguaje Redacción Voz y locución Micrófonos y planos de voces Música y efectos de sonido Silencio Guión Producción14aRADIODIFUSION24aPERIODISMO RADIAL24aMEDIOS DE COMUNICACION DE MASAS24aRADIOxPROGRAMAS